| 000 | 00740pam a2200253 a 4500 | ||
|---|---|---|---|
| 008 | |||
| 020 | _a3540650644 (hbk.) | ||
| 050 | 0 | 0 |
_aTA1705 _fKOE |
| 100 | 1 | _aKoechner, Walter. | |
| 245 | 1 | 0 |
_aSolid-state laser engineering / _cWalter Koechner. |
| 250 | _a5th rev. and updated ed. | ||
| 260 |
_aBerlin : _bSpringer, _c1999. |
||
| 300 |
_axi, 746 p. : _bill. ; _c24 cm. |
||
| 440 | 0 |
_aSpringer series in optical sciences ; _vv. 1. |
|
| 504 | _aIncludes bibliographical references. | ||
| 500 | _aIncludes index. | ||
| 650 | 0 | _aSolide-state lasers. | |
| 907 |
_a.b10172427 _b12-10-05 _c19-08-05 |
||
| 003 | |||
| 005 | 20230123134053.0 | ||
| 040 | _cNUST | ||
| 049 | _aMAIN | ||
| 942 | _cBOOKS | ||
| 999 |
_c159521 _d159521 |
||